| 000 | 00701nam a2200193 i 4500 | ||
|---|---|---|---|
| 001 | 73893 | ||
| 003 | ES-MaACL | ||
| 005 | 20250815113817.0 | ||
| 007 | t| | ||
| 008 | 040913s1926 sp ||||1| spa d | ||
| 100 | 1 |
_aGonzález, Adolfo. _958270 |
|
| 245 | 1 | 0 |
_aSobre la estereoisomería de los ácidos etilénicos _b: hidrogenación de los ácidos estearólico y behemólico / _cpor Adolfo González. |
| 260 |
_a[S.l. : _bs.n., _c1926] |
||
| 300 |
_a22 cm ; _c15 cm. |
||
| 490 | 1 |
_aAnales de la Sociedad Española de Física y Química ; _v24 |
|
| 830 | 0 | 0 |
_aAnales de la Sociedad Española de Física y Química _v24 _9231184 |
| 852 |
_aES-MaACL _j1704-F-26 |
||
| 999 |
_c73893 _d73893 |
||